| 000 | 01302nam0a2200337 i 4500 | ||
|---|---|---|---|
| 001 | RU\NLR\bibl\1954039 | ||
| 005 | 20240726065325.0 | ||
| 010 |
_a9785389043312 _94000 |
||
| 021 |
_aRU _b2012-70691 _95205 |
||
| 035 | _a(nilc)RSL-KNO-005498379 | ||
| 035 | _a(NLR Aleph) 001943142 | ||
| 090 |
_a3593153 _c3593153 |
||
| 100 | _a20120920d2012 c y0rusy50 ca | ||
| 101 | 1 |
_arus _cita |
|
| 102 | _aRU | ||
| 105 | _aa z ||||| | ||
| 200 | 1 |
_aЛейла Блу _iАлмазные стрекозы _e[роман _eдля младшего школьного возраста] _fМириам Дубини _g[пер. с ит. Екатерины Даровской] _gил. Алессандры Соррентино |
|
| 210 |
_aСанкт-Петербург _cАзбука _cАзбука-Аттикус _d2012 |
||
| 215 |
_a156, [1] с. _cил. _d22 |
||
| 225 | 1 | _aСерия "Ведьмочка из Лондона" | |
| 686 |
_aШ9(2)70(4Ит) _2rubbk |
||
| 686 | _aШ9(4Ит)60-4 | ||
| 700 | 1 |
_aДубини _bМ. _gМириам _4070 |
|
| 702 | 1 |
_aСоррентино _bА. _gАлессандра _4440 |
|
| 801 | 0 |
_aRU _bRuMoRKP _c20120920 _grcr |
|
| 801 | 1 |
_aRU _bРГБ _c20120920 |
|
| 801 | 2 |
_aRU _bNLR _c20121011 _grcr |
|
| 942 | _cBOOK | ||
| 980 | _aNBR | ||